|
|
|
|
| LEADER |
00000nam0a2200000 4500 |
| 001 |
357347 |
| 005 |
20240401142321.0 |
| 035 |
|
|
|a (RuTPU)RU\TPU\retro\14615
|
| 090 |
|
|
|a 357347
|
| 100 |
|
|
|a 20200804d1916 km y0rusy50 ca
|
| 101 |
0 |
|
|a rus
|
| 102 |
|
|
|a RU
|
| 105 |
|
|
|a y z 011zy
|
| 181 |
|
0 |
|b e
|
| 182 |
|
0 |
|a n
|
| 183 |
|
0 |
|a nc
|2 RDAcarrier
|
| 200 |
1 |
|
|a Город Минусинск
|e к 100 летнему юбилею города Минусинска 1822-1922 г.
|h Ч. 1
|f В. А. Ватин
|g Государственный музей им. Н. М. Мартьянова
|i исторический очерк
|
| 210 |
|
|
|a Минусинск
|c Государственная Типография
|d 1916-1922
|
| 215 |
|
|
|a 394 с.
|
| 283 |
|
|
|a volume
|
| 300 |
|
|
|a Текст в русской дореформенной орфографии
|
| 320 |
|
|
|a Библиография в ссылках
|
| 320 |
|
|
|a Постраничные примечания
|
| 606 |
1 |
|
|a Восточная Сибирь
|x История
|2 stltpush
|3 (RuTPU)RU\TPU\subj\67230
|9 83113
|
| 610 |
1 |
|
|a Минусинск
|
| 610 |
1 |
|
|a Красноярский край
|
| 610 |
1 |
|
|a исторические очерки
|
| 610 |
1 |
|
|a 19 век
|
| 610 |
1 |
|
|a 20 век
|
| 610 |
1 |
|
|a социально-экономическая жизнь
|
| 610 |
1 |
|
|a население
|
| 610 |
1 |
|
|a сословия
|
| 610 |
1 |
|
|a торговля
|
| 610 |
1 |
|
|a финансы
|
| 610 |
1 |
|
|a хозяйственный быт
|
| 610 |
1 |
|
|a скотоводство
|
| 610 |
1 |
|
|a земледелие
|
| 610 |
1 |
|
|a промышленность
|
| 610 |
1 |
|
|a наемный труд
|
| 610 |
1 |
|
|a градоначальники
|
| 610 |
1 |
|
|a городское самоуправление
|
| 686 |
|
|
|a Т3(253.5)
|2 rubbk
|
| 700 |
|
1 |
|a Ватин
|b В. А.
|
| 712 |
0 |
2 |
|a Государственный музей им. Н. М. Мартьянова
|3 (RuTPU)RU\TPU\col\27624
|
| 801 |
|
1 |
|a RU
|b 63413507
|c 20200804
|
| 801 |
|
2 |
|a RU
|b 63413507
|c 20201110
|g RCR
|
| 942 |
|
|
|c BK
|